000 00622nam a2200205Ii 4500
001 5521
003 CO-ViMGA
008 241108s9999||||xx |||||||||||||| ||und||
040 _aCO-ViMGA
_bspa
_erda
_cCO-ViMGA
041 0 _aunk
082 0 4 _a833-J94
100 1 _aMarcel Jullian
_956103
245 1 0 _a<La> batalla de Inglaterra [Julio-Septiembre 1940]
264 1 _a[Lugar de publicación no identificado] : Ediciones G.P., 1968
300 _avolumen
336 _atext
_btxt
_2rdacontent
337 _aunmediated
_bn
_2rdamedia
338 _avolume
_bnc
_2rdacarrier
940 _aidficha_siabuc: 5375. -- ficha_no_siabuc:5521
999 _c53899
_d53899